Formálna prekvalifikácia a podkvalifikácia pracujúcich v SR diplomová práca

Saved in:
Bibliographic Details
Main Author: Ondrejka, Šimon
Corporate Author: Národohospodárska fakulta EU. Katedra hospodárskej politiky
Other Authors: Hudcovský, Martin, 1988-
Format: Book
Language:Slovak
Published: Bratislava 2019
Tags: Add Tag
No Tags, Be the first to tag this record!

MARC

LEADER 00000nbm a2200000 4500
001 0254936
005 20190722122804.8
041 0 |a slo 
044 |a SK 
245 1 0 |a Formálna prekvalifikácia a podkvalifikácia pracujúcich v SR  |b diplomová práca  |c Šimon Ondrejka ; školiteľ: Martin Hudcovský 
264 1 |a Bratislava  |c 2019 
300 |a 64 s. 
100 1 |a Ondrejka, Šimon 
700 1 |a Hudcovský, Martin, 1988- 
710 2 |a Národohospodárska fakulta EU. Katedra hospodárskej politiky